000 00434nab a22001457 4500
003 ES-SlBCS
005 20260303170640.0
008 250426s2026 sp ||||| |||| 00| 0 spa d
040 _aES-SlBCS
_bspa
041 _aspa
100 1 _aPally, Marcia
_9429329
245 1 0 _aPopulismo, polarización y las crisis de la democracia
_cMarcia Pally
773 0 _gNúm. 414, 2026, págs. 49-62
_tConcilium
_wRev134
_x0210-1041
942 _2lcc
_cAR
999 _c903969
_d903969